Essentials of SolidWorks : a task oriented guide to learning SolidWorks (Record no. 29821)

MARC details
000 -LEADER
fixed length control field 00457nam a2200169Ia 4500
020 ## - INTERNATIONAL STANDARD BOOK NUMBER
ISBN 0-9655982-4-1
050 ## - CALL MARK
Classification number T 385 .W539/
100 ## - STATEMENT OF RESPONSIBILITY--MAIN AUTHOR NAME
Personal name Whiteacre, Matthew M.
245 #0 - TITLE STATEMENT
Title Essentials of SolidWorks : a task oriented guide to learning SolidWorks
260 ## - PUBLICATION, DISTRIBUTION, ETC. (IMPRINT)
Place of publication College Station, TX
260 ## - PUBLICATION, DISTRIBUTION, ETC. (IMPRINT)
Name of publisher Visual Graphics Pub.
260 ## - PUBLICATION, DISTRIBUTION, ETC. (IMPRINT)
Year of publication 2006
300 ## - PHYSICAL DESCRIPTION
Number of Pages 207 p
942 ## - ADDED ENTRY ELEMENTS (KOHA)
Koha item type Books
Holdings
Withdrawn status Lost status Source of classification or shelving scheme Damaged status Not for loan Permanent Location Current Location Date acquired Accession Number Price effective from Koha item type
    Library of Congress Classification     NILE UNIVERSITY OF NIGERIA - MAIN LIBRARY NILE UNIVERSITY OF NIGERIA - MAIN LIBRARY 04/23/2025 0008940 04/23/2025 Books